Real options and investment incentives / (Registro nro. 8299)
[ vista simple ]
| 000 -LEADER | |
|---|---|
| fixed length control field | 01910nam a2200265Ia 4500 |
| 003 - CONTROL NUMBER IDENTIFIER | |
| control field | OSt |
| 005 - DATE AND TIME OF LATEST TRANSACTION | |
| control field | 20210813114011.0 |
| 008 - FIXED-LENGTH DATA ELEMENTS--GENERAL INFORMATION | |
| fixed length control field | 210310s2007 eu fr 000 0 eng d |
| 020 ## - INTERNATIONAL STANDARD BOOK NUMBER | |
| International Standard Book Number | 9783540482666 |
| 040 ## - CATALOGING SOURCE | |
| Original cataloging agency | CO-JMCR |
| Transcribing agency | CO-JMCR |
| 041 0# - LANGUAGE CODE | |
| Language code of text/sound track or separate title | eng |
| 082 04 - DEWEY DECIMAL CLASSIFICATION NUMBER | |
| Classification number | 332.6323 / |
| Item number | F911r |
| Edition number | 23 |
| 100 1# - MAIN ENTRY--PERSONAL NAME | |
| Personal name | Friedl, Gunther, |
| 9 (RLIN) | 16884 |
| Relator term | autor |
| 245 10 - TITLE STATEMENT | |
| Title | Real options and investment incentives / |
| Statement of responsibility, etc. | Gunther Friedl |
| 260 ## - PUBLICATION, DISTRIBUTION, ETC. | |
| Place of publication, distribution, etc. | New York : |
| Name of publisher, distributor, etc. | Springer, |
| Date of publication, distribution, etc. | 2007 |
| 300 ## - PHYSICAL DESCRIPTION | |
| Extent | xi, 119 páginas ; |
| Dimensions | 24 cm. |
| 500 ## - GENERAL NOTE | |
| General note | Incluye notas a pie de página. |
| 504 ## - BIBLIOGRAPHY, ETC. NOTE | |
| Bibliography, etc. note | Bibliografía: páginas 109-119 |
| 505 0# - FORMATTED CONTENTS NOTE | |
| Formatted contents note | Institutional and Methodological Background for the Analysis of Investment Incentives -- Capital Rationing as an Incentive Instrument for Growth Options -- Residual Income as a Performance Measure for Switching Options -- Residual Income as a Performance Measure in the Presence of Waiting Options -- Implications and conclusions |
| 520 3# - SUMMARY, ETC. | |
| Summary, etc. | Many large corporations delegate investment decision making authority to their divisions. Because they are better informed, divisional managers should be able to make better decisions than corporate headquarters. However, they can use this informational advantage to pursue their own inter ests. The objective of this work is to analyze the problem of delegated decision-making within firms when investment projects are characterized by the possibility to make sub sequent decisions after the initial investment decision has been made. By analyzing this question, the monograph com bines and unifies two important lines of literature: on the one hand the literature on controlling investment decisions, on the other hand the investment valuation literature. |
| 650 14 - SUBJECT ADDED ENTRY--TOPICAL TERM | |
| Topical term or geographic name entry element | Inversiones de capital |
| 9 (RLIN) | 16886 |
| General subdivision | Toma de decisiones |
| 650 24 - SUBJECT ADDED ENTRY--TOPICAL TERM | |
| Topical term or geographic name entry element | Opciones reales (Finanzas) |
| 9 (RLIN) | 39367 |
| 650 24 - SUBJECT ADDED ENTRY--TOPICAL TERM | |
| Topical term or geographic name entry element | Modelos matemáticos |
| General subdivision | Valoración |
| -- | Inversiones |
| 9 (RLIN) | 39368 |
| 942 ## - ADDED ENTRY ELEMENTS (KOHA) | |
| Source of classification or shelving scheme | Dewey Decimal Classification |
| Koha item type | Books |
| Withdrawn status | Lost status | Source of classification or shelving scheme | Damaged status | Not for loan | Collection code | Home library | Current library | Date acquired | Source of acquisition | Full call number | Barcode | Date last seen | Copy number | Koha item type |
|---|---|---|---|---|---|---|---|---|---|---|---|---|---|---|
| Dewey Decimal Classification | Non-fiction | Biblioteca Pública José María del Castillo y Rada | Biblioteca Pública José María del Castillo y Rada | 04/15/2018 | Donación | 332.6323 / F911r | 430002910 | 05/16/2024 | Ej.1 | Books |